| 000 | 00457nam a22001577a 4500 | ||
|---|---|---|---|
| 005 | 20230617022352.0 | ||
| 008 | 230117b |||||||| |||| 00| 0 eng d | ||
| 020 | _a978-1-68095-491-3 | ||
| 082 | _a536.7 En57 2017 | ||
| 245 | _aEngineering thermodynamics | ||
| 260 |
_aUSA: _b3G E-Learning, _cc2017. |
||
| 300 |
_axii, 254p.: _bill. (some col.); w/ CD |
||
| 504 | _aIncludes bibliographical references and index | ||
| 541 | _e5187 | ||
| 650 | _aThermodynamics | ||
| 999 |
_c560 _d560 |
||